Statistics for Brazilian Scorers in 2010s Champions League

Click here to take the quiz!

General Stats

  • This quiz has been taken 39 times
  • The average score is 32 of 105

Answer Stats

Player Team Gls % Correct
NeymarBarcelona, Paris SG32
100%
Roberto FirminoLiverpool14
97%
HulkPorto, Zenit17
93%
David LuizChelsea, Paris SG7
90%
WillianShakhtar, Chelsea15
90%
Thiago SilvaMilan, Paris SG4
86%
Douglas CostaShakhtar, Bayern Munich10
86%
MarceloReal Madrid9
86%
Philippe CoutinhoLiverpool, Barcelona8
86%
Lucas MouraParis SG, Tottenham8
86%
DouglasHapoel Tel Aviv1
83%
KakáMilan, Real Madrid7
79%
Dani AlvesBarcelona, Juventus, Paris SG10
79%
OscarChelsea8
76%
Gabriel JesusManchester City8
76%
FernandinhoShakhtar, Manchester City4
72%
RonaldinhoMilan4
69%
MarquinhosParis SG4
69%
CasemiroPorto, Real Madrid5
66%
FredShakhtar1
62%
RobinhoMilan4
62%
FabinhoMonaco2
62%
Luiz AdrianoShakhtar, Spartak Moscow21
59%
RamiresChelsea7
59%
AdrianoSevilla, Barcelona, Beşiktaş3
55%
FernandoSpartak Moscow1
52%
Filipe LuísAtletico Madrid1
52%
Moisés MouraBraga1
48%
Alexandre PatoMilan6
41%
RaffaelM'gladbach3
38%
LúcioInter1
38%
MaiconInter, Roma2
38%
BernardShakhtar3
38%
AndersonManchester Utd3
38%
RafinhaBarcelona1
34%
FelipePorto2
34%
AlexParis SG2
34%
TaisonShakhtar4
31%
Jonathan CafuLudogorets2
28%
Luís FabianoSevilla2
28%
DaniloPorto1
28%
JonasValencia, Benfica11
28%
David NeresAjax2
28%
MirandaAtletico Madrid2
24%
Felipe MeloGalatasaray1
24%
Alex TellesPorto2
24%
Alex TeixeiraShakhtar11
24%
GrafiteWolfsburg3
24%
TaliscaBenfica, Beşiktaş8
24%
DiegoAtletico Madrid1
21%
Túlio de MeloLille1
21%
Michel BastosLyon, Schalke 046
17%
BrandãoMarseille4
17%
André SantosArsenal1
17%
NaldoWolfsburg2
17%
GansoSevilla1
17%
Felipe SantanaDortmund2
17%
Vágner LoveCSKA Moscow, Beşiktaş2
17%
DenílsonArsenal1
14%
LuisãoBenfica4
14%
Luís AlbertoCFR Cluj1
14%
Rafael BastosCFR Cluj2
14%
Éder MilitãoPorto2
14%
RenatoSevilla1
10%
MalcomBarcelona1
10%
Bruno CésarBenfica, Sporting CP6
10%
DentinhoShakhtar1
10%
JoelintonHoffenheim1
7%
KléberPorto1
7%
IbsonSpartak Moscow2
7%
Leonardo de OliveiraOlympiacos1
7%
ClaudemirFC Copenhagen2
7%
IsmailyShakhtar3
7%
LimaBraga, Benfica3
7%
Gustavo ManducaAPOEL FC5
3%
AíltonAPOEL FC3
3%
MayconShakhtar1
3%
JádsonShakhtar3
3%
GuilhermeLegia Warsaw1
3%
OtávioPorto3
3%
JussiêBordeaux1
3%
VitinhoCSKA Moscow1
3%
JeffersonSporting CP1
3%
Alan KardecBenfica1
3%
EduSchalke 042
3%
TiquinhoPorto2
3%
WesleyClub Brugge2
3%
Vitorino HiltonMarseille1
3%
Marcos TavaresNK Maribor1
0%
RômuloSpartak Moscow1
0%
Leandro TatuSteaua1
0%
BobôBeşiktaş1
0%
ÉlsonStuttgart1
0%
NatanaelLudogorets1
0%
Fernando MenegazzoBordeaux1
0%
MossoróBraga1
0%
Léo BaptistãoAtletico Madrid1
0%
Gérson MagrãoDynamo Kyiv1
0%
Rafael CariocaSpartak Moscow1
0%
CléoPartizan2
0%
Pedro HenriqueQarabağ FK1
0%
MatheusBraga3
0%

Score Distribution

Percentile by Number Answered

Percent of People with Each Score

Your Score History

You have not taken this quiz